| 000 | 00425nam a2200157Ia 4500 | ||
|---|---|---|---|
| 008 | 240729s9999 xx 000 0 und d | ||
| 022 | _a2651-4001 | ||
| 245 | 0 | _aCommunications in Advanced Mathematical Sciences | |
| 260 | _aTürkiye | ||
| 260 | _bEmrah Evren KARA | ||
| 650 | _a Mathematics | ||
| 650 | _aScience | ||
| 856 | _uhttps://doaj.org/toc/7e5e4d61ffbf49cfbec4167c658824fa | ||
| 942 | _2ddc | ||
| 942 | _cDOAJEJ | ||
| 999 |
_c68095 _d68095 |
||
| 945 |
_a1 _bMadushi Gamage _c1 _dMadushi Gamage |
||